MARC details
| 000 -CABECERA |
| campo de control de longitud fija |
02285nam a22003137a 4500 |
| 003 - IDENTIFICADOR DEL NÚMERO DE CONTROL |
| campo de control |
OSt |
| 005 - FECHA Y HORA DE LA ÚLTIMA TRANSACCIÓN |
| campo de control |
20251104104736.0 |
| 008 - DATOS DE LONGITUD FIJA--INFORMACIÓN GENERAL |
| campo de control de longitud fija |
250910b |||||||| |||| 00| 0 eng d |
| 020 ## - NÚMERO INTERNACIONAL ESTÁNDAR DEL LIBRO |
| Número Internacional Estándar del Libro |
2055-2077 |
| 020 ## - NÚMERO INTERNACIONAL ESTÁNDAR DEL LIBRO |
| Número Internacional Estándar del Libro |
0267-257X |
| 040 ## - FUENTE DE LA CATALOGACIÓN |
| Centro catalogador/agencia de origen |
English |
| Centro/agencia transcriptor |
tbs |
| 041 ## - CÓDIGO DE LENGUA |
| Código de lengua del texto/banda sonora o título independiente |
English |
| 100 ## - ENTRADA PRINCIPAL--NOMBRE DE PERSONA |
| Nombre de persona |
Lloveras, Javier |
| 9 (RLIN) |
26404 |
| 245 ## - MENCIÓN DE TÍTULO |
| Título |
Sustainability marketing beyond sustainable development |
| Mención de responsabilidad, etc. |
/ Javier Lloveras, Adam P. Marshall, James S. Vandeventer and Mario Pansera |
| Resto del título |
: towards a degrowth agenda |
| 260 ## - PUBLICACIÓN, DISTRIBUCIÓN, ETC. |
| Nombre del editor, distribuidor, etc. |
Journal of Marketing Management |
| Fecha de publicación, distribución, etc. |
2022 |
| 362 ## - FECHAS DE PUBLICACIÓN Y/O DESIGNACIÓN SECUENCIAL |
| Fecha de publicación y/o designación secuencial |
Journal of Marketing Management. Dec2022, Vol. 38 Issue 17/18, p2055-2077. 23p |
| 520 ## - SUMARIO, ETC. |
| Sumario, etc. |
Drawing on ecological economics, post-development studies, and political ecology, this paper argues that sustainable development notions have run their course within sustainability marketing debates and proposes degrowth as an alternative framework to steer disciplinary debates in new directions. We chart unexplored territory, offering sustainability marketing scholars tools to navigate degrowth-minded policies, transformative frameworks, and business models. In doing so, our work contributes to existing sustainability marketing debates in three ways: first, we respond to the paucity of studies engaging with the political economy of sustainability marketing. Second, we make visible the tensions and contradictions that arise as marketers seek to reconcile imperatives of economic growth and sustainability. Finally, we foreground degrowth as an emerging sustainability proposition, with potential for inspiring the radical set of transformations required to avert catastrophic climate change and keep global temperatures well below +2°C (relative to pre-industrial levels), as pledged in the Paris Agreement. |
| 653 ## - TÉRMINO DE INDIZACIÓN--NO CONTROLADO |
| Término no controlado |
Sustainable development |
| 653 ## - TÉRMINO DE INDIZACIÓN--NO CONTROLADO |
| Término no controlado |
Global temperature changes |
| 653 ## - TÉRMINO DE INDIZACIÓN--NO CONTROLADO |
| Término no controlado |
Ecological economics |
| 653 ## - TÉRMINO DE INDIZACIÓN--NO CONTROLADO |
| Término no controlado |
Transformative learning |
| 653 ## - TÉRMINO DE INDIZACIÓN--NO CONTROLADO |
| Término no controlado |
Political ecology |
| 653 ## - TÉRMINO DE INDIZACIÓN--NO CONTROLADO |
| Término no controlado |
Marketing |
| 700 ## - ENTRADA AGREGADA--NOMBRE PERSONAL |
| Nombre de persona |
Marshall, Adam P. |
| 9 (RLIN) |
26405 |
| 700 ## - ENTRADA AGREGADA--NOMBRE PERSONAL |
| Nombre de persona |
Vandeventer, James S. |
| 9 (RLIN) |
26406 |
| 700 ## - ENTRADA AGREGADA--NOMBRE PERSONAL |
| Nombre de persona |
Pansera, Mario |
| 9 (RLIN) |
26407 |
| 856 ## - LOCALIZACIÓN Y ACCESO ELECTRÓNICOS |
| Identificador Uniforme del Recurso |
<a href="https://bibliotheque.tbs-education.fr/Default/doc/bth/161969637/sustainability-marketing-beyond-sustainable-development-towards-a-degrowth-agenda">https://bibliotheque.tbs-education.fr/Default/doc/bth/161969637/sustainability-marketing-beyond-sustainable-development-towards-a-degrowth-agenda</a> |
| 942 ## - ELEMENTOS DE ENTRADA AGREGADA (KOHA) |
| Fuente del sistema de clasificación o colocación |
Clasificación de Library of Congress |